LEADER 00889nam0-22002771i-450- 001 990000245630403321 005 20001010 035 $a000024563 035 $aFED01000024563 035 $a(Aleph)000024563FED01 035 $a000024563 100 $a20001010d--------km-y0itay50------ba 101 0 $aita 105 $ay-------001yy 200 1 $aArchitettura pratica$evolume quinto, tomo secondo$ecostuzione degli edifici$esezione terza$ei sistemi strutturali$esezione quarta$emateriali e procedimenti costruttivi. 210 $aTorino$cUnione Tipografico Editrice Torinese$dc1980. 215 $a899 p. ill. 26 cm 700 1$aCarbonara,$bPasquale$02209 801 0$aIT$bUNINA$gRICA$2UNIMARC 901 $aBK 912 $a990000245630403321 952 $a12 MTD 334(2)$bMTD 2393/332$fDARPU 959 $aDARPU 996 $aArchitettura pratica$975595 997 $aUNINA DB $aING01